000 00605nam a22001931a 4500
001 11393
003 OSt
005 20260204212241.0
008 121002s2011||||ck ||||||b||||||||||spa||
020 _a9789588692067
050 _a628.16 S17c
100 _aSierra Ramírez, Carlos Alberto
245 _aCalidad del agua: Evaluación y diagnóstico / Carlos Alberto Sierra Ramírez
264 _aColombia: Universidad de Medellin
300 _a457 p
500 _aIncluye bibliografía
650 _aAgua - Calidad 2.Tratamiento de Agua 3.Agua - Contramedida para la ContaminaciónÌ
942 _2ddc
_cBK
999 _c11393
_d11393